[Event "Rudenko Mem"]
[Site "St Petersburg RUS"]
[Date "2006.09.01"]
[Round "7"]
[White "Gromova,I"]
[Black "Shlakich,A"]
[Result "0-1"]
[WhiteElo "2210"]
[BlackElo "2077"]

1.d4 d5 2.c4 c6 3.Nf3 Nf6 4.Nc3 dxc4 5.a4 Bf5 6.Ne5 e6 7.Nxc4 Na6 8.Bg5 Bb4
9.e3 h6 10.Bh4 g5 11.Bg3 Ne4 12.Rc1 c5 13.Be2 Rc8 14.O-O Nxg3 15.fxg3 cxd4
16.exd4 O-O 17.Kh1 Bxc3 18.bxc3 Nc7 19.Ne3 Be4 20.Ng4 Kg7 21.Nf6 Bg6 22.c4 Ne8
23.Ng4 Nd6 24.d5 Nf5 25.Rxf5 exf5 26.Qd4+ f6 27.Ne3 Qd6 28.Qxa7 Rfe8 29.Bd3 Qa3
30.Rd1 Qb3 31.Rd2 f4 32.Nf1 Bxd3 33.Qd4 Re1  0-1

[Event "FSGM September"]
[Site "Budapest HUN"]
[Date "2006.09.02"]
[Round "12"]
[White "Flumbort,A"]
[Black "Haznedaroglu,K"]
[Result "1/2-1/2"]
[WhiteElo "2510"]
[BlackElo "2454"]

1.d4 d5 2.c4 c6 3.Nf3 Nf6 4.Nc3 dxc4 5.a4 Bf5 6.Ne5 Nbd7 7.Nxc4 Qc7 8.g3 e5
9.dxe5 Nxe5 10.Bf4 Nfd7 11.Bg2 g5 12.Ne3 gxf4 13.Nxf5 O-O-O 14.Qc2 Nc5 15.O-O fxg3
16.hxg3 a5 17.Rad1 h5 18.Rxd8+ Qxd8  1/2-1/2

[Event "Universities"]
[Site "Istanbul TUR"]
[Date "2006.09.06"]
[Round "8"]
[White "Kalashian,D"]
[Black "Filev,G"]
[Result "1-0"]
[WhiteElo "2411"]
[BlackElo "2271"]

1.d4 d5 2.c4 c6 3.Nf3 Nf6 4.Nc3 dxc4 5.a4 Bf5 6.Ne5 e6 7.f3 Bb4 8.e4 Bxe4
9.fxe4 Nxe4 10.Bd2 Qxd4 11.Nxe4 Qxe4+ 12.Qe2 Bxd2+ 13.Kxd2 Qd5+ 14.Kc2 Na6
15.Nxc4 b5 16.axb5 Nb4+ 17.Kc3 cxb5 18.Nb6 Qc5+ 19.Kb3 O-O 20.Nxa8 a5 21.Qxb5 Qe3+
22.Ka4 Rxa8 23.Rd1 Nd5 24.Rxd5 exd5 25.Qxd5 Rb8 26.Bb5 Qf4+ 27.Kxa5 Qc7+
28.Kb4 Rd8 29.Re1  1-0

[Event "3rd Open"]
[Site "Kalamaria GRE"]
[Date "2006.09.06"]
[Round "9"]
[White "Banikas,H"]
[Black "Sriram,J"]
[Result "0-1"]
[WhiteElo "2576"]
[BlackElo "2408"]

1.d4 d5 2.c4 c6 3.Nf3 Nf6 4.Nc3 dxc4 5.a4 Bf5 6.Ne5 Na6 7.f3 Nd7 8.Nxc4 e5
9.dxe5 Qh4+ 10.g3 Qxc4 11.e4 Qc5 12.Bxa6 Bh3 13.Bf1 Bxf1 14.e6 O-O-O 15.Kxf1 Qc4+
16.Qe2 Qxe6 17.Kg2 Bc5 18.Bf4 h5 19.h4 f6 20.Rac1 Rhg8 21.b4 Bxb4 22.Nb5 Bc5
23.Rhd1 cxb5 24.Rd6 Qb3 25.axb5 b6 26.Rc6+ Kb7 27.Rc7+ Ka8 28.e5 f5 29.e6 Nf6
30.Qe5 Bd6 31.Qe1 Bxc7 32.Rxc7 Qb2+ 33.Kh3 Ng4  0-1

[Event "ProMoPro Open"]
[Site "Prague CZE"]
[Date "2006.09.09"]
[Round "1"]
[White "Prachar,J"]
[Black "Stross,F"]
[Result "0-1"]
[WhiteElo "1962"]
[BlackElo "2256"]

1.d4 d5 2.c4 c6 3.Nf3 Nf6 4.Nc3 dxc4 5.a4 Bf5 6.e3 e6 7.Bxc4 Bb4 8.O-O Nbd7
9.Qe2 O-O 10.Nh4 Qe7 11.Nxf5 exf5 12.Qf3 g6 13.Rd1 Rad8 14.Bd2 Rfe8 15.Bb3 Bd6
16.a5 a6 17.Na4 Ne4 18.Be1 Ng5 19.Qe2 f4 20.Bd2 f3 21.Qf1 Qe4 22.Nc3 Qh4
23.g3 Nh3+ 24.Kh1 Qh5 25.e4 Nf6 26.e5 Ng4  0-1

[Event "EU-chB18"]
[Site "Herceg Novi MNE"]
[Date "2006.09.10"]
[Round "1"]
[White "Fidalgo Fernandez,J"]
[Black "Andriasian,Z"]
[Result "0-1"]
[WhiteElo "2225"]
[BlackElo "2463"]

1.d4 Nf6 2.Nf3 d5 3.c4 c6 4.Nc3 dxc4 5.a4 Bf5 6.Ne5 Nbd7 7.Nxc4 Qc7 8.g3 e5
9.dxe5 Nxe5 10.Bf4 Nfd7 11.Bg2 g5 12.Ne3 gxf4 13.Nxf5 O-O-O 14.Qc2 Nc5 15.Rd1 Rxd1+
16.Nxd1 Ne6 17.O-O h5 18.Qe4 fxg3 19.hxg3 a5 20.Nde3 Bb4 21.Rd1 Kb8 22.b3 Nc5
23.Qc2 Rd8 24.Rxd8+ Qxd8 25.f4 Ng6 26.Nc4 h4 27.Nxh4 Nxh4 28.gxh4 Qxh4 29.Qd1 Qe1+
30.Qxe1 Bxe1 31.Ne5 Bd2 32.Nxf7 Bxf4 33.Kf2 Nxb3 34.Be4 Nc5 35.Bc2 Kc7 36.e3 Bd6
37.Ng5 b5 38.Ne4 Nxa4 39.Bxa4 bxa4 40.Nc3 a3 41.Ke2 Be5 42.Kd3 Bxc3 43.Kxc3 a4  0-1

[Event "ch-EU"]
[Site "Liverpool ENG"]
[Date "2006.09.10"]
[Round "5"]
[White "Blackburn,J"]
[Black "Shaw,J"]
[Result "0-1"]
[WhiteElo "2207"]
[BlackElo "2473"]

1.d4 d5 2.c4 c6 3.Nf3 Nf6 4.Nc3 dxc4 5.a4 Bf5 6.e3 e6 7.Bxc4 Bb4 8.O-O O-O
9.Qe2 Bg6 10.Ne5 Nbd7 11.Nxg6 hxg6 12.Rd1 Qa5 13.Bd2 Rad8 14.Na2 Bxd2 15.Qxd2 Qxd2
16.Rxd2 Nb6 17.b3 Rd7 18.Rc2 Nxc4 19.Rxc4 Re8 20.Nc3 e5 21.Ne2 exd4 22.Nxd4 Ne4
23.f3 Nd6 24.Rc3 Nf5 25.Nxf5 gxf5 26.Ra2 Red8 27.Re2 Rd3 28.Rec2 Rxc3 29.Rxc3 Rd2
30.h4 g6 31.Kh2 Kg7 32.Kh3 Kf6 33.g4 fxg4+ 34.fxg4 Ke5 35.Kg3 Ke4 36.h5 gxh5
37.gxh5 Rd1 38.Rc4+ Kxe3 39.Kg4 Rg1+ 40.Kf5 Rh1 41.Kg5 f5 42.Rh4 Rxh4 43.Kxh4 f4
44.h6 f3 45.h7 f2 46.h8=Q f1=Q 47.Qe8+ Kd4 48.Qd7+ Kc3 49.Qxb7 Qf2+ 50.Kg4 Qb6
51.Qf7 Qd4+ 52.Kg3 a5 53.Qe6 Qd5 54.Qe3+ Kb2 55.Kf2 Qxb3 56.Qe5+ Qc3 57.Qd6 Kb3
58.Ke2 Kxa4 59.Kd1 c5  0-1

[Event "3rd LGA Premium Cup"]
[Site "Nuernberg GER"]
[Date "2006.09.10"]
[Round "6"]
[White "Kunin,V"]
[Black "Fridman,D2"]
[Result "0-1"]
[WhiteElo "2494"]
[BlackElo "2569"]

1.d4 d5 2.c4 c6 3.Nf3 Nf6 4.Nc3 dxc4 5.a4 Bf5 6.Ne5 Nbd7 7.Nxc4 Qc7 8.g3 e5
9.dxe5 Nxe5 10.Bf4 Nfd7 11.Bg2 g5 12.Bxe5 Nxe5 13.Qd4 f6 14.O-O-O Be7 15.Ne3 Bg6
16.Be4 Nd7 17.Bxg6+ hxg6 18.Kb1 O-O-O 19.Qe4 Bc5 20.Qxg6 Bxe3 21.fxe3 Qe5
22.Qe4 Rde8 23.Qg4 Rh7 24.h4 gxh4 25.gxh4 Qxe3 26.Rd6 Qe5 27.Rhd1 f5 28.Qg5 f4
29.Qg6 Rg7 30.Qd3 Nc5 31.Qc4 a6 32.Ka2 Rd7 33.Rxd7 Nxd7 34.Qf7 Re7 35.Qg8+ Kc7
36.Rh1 Nf6 37.Qc4 Nh5 38.Ka1 Rd7 39.Rg1 Ng3 40.Ka2 Qf6 41.Rc1 Qe5 42.Qb4 Rd4
43.Qf8 Nxe2 44.Nxe2 Rxa4+ 45.Kb1 Qxe2 46.Qf7+ Kb6 47.Qb3+ Qb5 48.Qc2 Rd4
49.Rd1 Rc4 50.Qd3 Rb4 51.Qd8+ Ka7 52.Qf6 Qe2  0-1

[Event "EU-chB18"]
[Site "Herceg Novi MNE"]
[Date "2006.09.12"]
[Round "3"]
[White "Llorente Zaro,A"]
[Black "Andriasian,Z"]
[Result "1/2-1/2"]
[WhiteElo "2367"]
[BlackElo "2463"]

1.d4 d5 2.c4 c6 3.Nf3 Nf6 4.Nc3 dxc4 5.a4 Bf5 6.Ne5 Nbd7 7.Nxc4 Qc7 8.g3 e5
9.dxe5 Nxe5 10.Bf4 Nfd7 11.Bg2 g5 12.Ne3 gxf4 13.Nxf5 O-O-O 14.Qc2 Nc5 15.O-O fxg3
16.hxg3 a5 17.Rfd1 h5 18.Rxd8+ Qxd8 19.Ne4 Nxe4 20.Qxe4 Qf6 21.Rd1 Bb4 22.Bh3 Kb8
23.Qd4 Re8 24.f4 Ng4 25.Bxg4 Qxd4+ 26.Rxd4 hxg4 27.Kf1 Kc7 28.Rc4 Rd8 29.Ne3 Rd2
30.b3 c5 31.Rc2 Rxc2 32.Nxc2 b5 33.axb5 Kb6 34.e4 Kxb5 35.Ke2 Bc3 36.Kd3 Bb2
37.Ne3 Bd4 38.Nxg4 Kb4 39.Kc2 c4 40.bxc4 a4 41.Ne5 Bxe5 42.fxe5 Kxc4 43.e6 fxe6
44.g4 Kc5 45.Kb2 Kd6 46.Ka3 Ke7  1/2-1/2

[Event "EU-chG16"]
[Site "Herceg Novi MNE"]
[Date "2006.09.12"]
[Round "3"]
[White "Sadykova,A"]
[Black "Khoo,S"]
[Result "1-0"]
[WhiteElo "2127"]
[BlackElo "1988"]

1.d4 d5 2.c4 c6 3.Nf3 Nf6 4.Nc3 dxc4 5.a4 Bf5 6.Ne5 Nbd7 7.Nxc4 Nb6 8.Ne5 a5
9.e3 Nfd7 10.Bd3 Bxd3 11.Nxd3 e6 12.O-O Be7 13.f3 O-O 14.e4 c5 15.Be3 Nc4
16.Bf2 cxd4 17.Bxd4 Ndb6 18.Bf2 Bf6 19.Rc1 Nd7 20.b3 Nce5 21.f4 Ng6 22.Nb5 Rc8
23.Qf3 e5 24.f5 Ne7 25.Nc5 Nxc5 26.Bxc5 Bg5 27.Rc3 b6 28.Bd6 Bf6 29.Bc7 Qd2
30.Rd3 Qg5 31.Bxb6 Nc6 32.Be3 Qh4 33.Bf2 Qh6 34.Qd1 Bg5 35.Rd6 g6 36.Qg4 Be7
37.Rd3 Qg7 38.Rf3 Nb4 39.Be3 Rc6 40.Qh3 Rd8 41.Bh6 Qf6 42.fxg6 Qxg6 43.Rg3 Nc2
44.Qf5 Rf6 45.Rxg6+ hxg6 46.Qxe5 Rxf1+ 47.Kxf1 Rd1+ 48.Kf2  1-0

[Event "EU-chG18"]
[Site "Herceg Novi MNE"]
[Date "2006.09.13"]
[Round "4"]
[White "Kozak,Ma"]
[Black "Craciun,P"]
[Result "0-1"]
[WhiteElo "2205"]
[BlackElo "2044"]

1.d4 d5 2.c4 c6 3.Nf3 Nf6 4.Nc3 dxc4 5.a4 Bf5 6.Ne5 Nbd7 7.Nxc4 Qc7 8.g3 e5
9.dxe5 Nxe5 10.Bf4 Nfd7 11.Bg2 g5 12.Bxe5 Nxe5 13.Qd4 f6 14.O-O-O Be7 15.Ne3 Be6
16.Qe4 Bb3 17.Rd2 Ng6 18.h4 gxh4 19.Bf3 Qe5 20.gxh4 Qxe4 21.Bxe4 Bc5 22.Ng4 Ke7
23.e3 Be6 24.Nh6 Rhd8 25.Rxd8 Rxd8 26.Kc2 Rf8 27.Nf5+ Kd7 28.h5 Ne5 29.Rg1 Rf7
30.Ne2 Bxf5 31.Bxf5+ Kc7 32.Nf4 Kb6 33.Ne6 Nf3 34.Rd1 Ng5 35.Nxc5 Kxc5 36.Kc3 a5
37.Rd8 Re7 38.Rd4 h6 39.Rg4 Kd6 40.Bd3 Ke6 41.Bc4+ Ke5 42.Rd4 Ne4+ 43.Kd3 Nxf2+
44.Ke2 Ne4 45.Bd3 f5 46.Rd8 Ng3+ 47.Kf3 Nxh5 48.Rh8 Nf6 49.Rxh6 Rd7 50.Bc4 Rh7
51.Rg6 Rh3+ 52.Ke2 Rh2+ 53.Kd3 Rxb2 54.Rg7 Ne4 55.Re7+ Kd6 56.Re6+ Kd7 57.Kd4 Rb4
58.Rh6 Nd6 59.Rh7+ Kc8 60.Rh8+ Kc7 61.Rh7+ Kb6  0-1

[Event "EU-chB18"]
[Site "Herceg Novi MNE"]
[Date "2006.09.14"]
[Round "5"]
[White "Llorente Zaro,A"]
[Black "Ragger,M"]
[Result "0-1"]
[WhiteElo "2367"]
[BlackElo "2456"]

1.d4 d5 2.c4 c6 3.Nf3 Nf6 4.Nc3 dxc4 5.a4 Bf5 6.e3 e6 7.Bxc4 Bb4 8.O-O Nbd7
9.Qb3 a5 10.Nh4 Bg6 11.h3 Nb6 12.Be2 Bh5 13.Bxh5 Nxh5 14.Nf3 Nf6 15.e4 h6
16.Re1 O-O 17.Re2 c5 18.Be3 Bxc3 19.bxc3 Nxe4 20.dxc5 Qd3 21.Ree1 Nd5 22.Qxb7 Nexc3
23.Ne5 Qc2 24.Nd7 Rfe8 25.c6 Rac8 26.Bb6 Ne2+ 27.Kh2 Nef4 28.Ne5 f6 29.Rac1 Qf5
30.g4 Qh7 31.Nd7 Qd3 32.Be3 Nxe3 33.Rxe3 Qd6 34.Rg3 Ne2 35.Rc2 Nxg3 36.fxg3 Rc7
37.Qb1 Rec8 38.Nb6 Rb8 39.Qb5 Qd4 40.Rb2 Rxc6  0-1

[Event "ch-EU"]
[Site "Liverpool ENG"]
[Date "2006.09.15"]
[Round "10"]
[White "Blackburn,J"]
[Black "Karttunen,M"]
[Result "0-1"]
[WhiteElo "2207"]
[BlackElo "2422"]

1.d4 d5 2.c4 c6 3.Nf3 Nf6 4.Nc3 dxc4 5.a4 Bf5 6.e3 e6 7.Bxc4 Bb4 8.O-O O-O
9.Qe2 Bg6 10.Ne5 Nbd7 11.Nxg6 hxg6 12.Rd1 Qa5 13.e4 e5 14.d5 Nb6 15.dxc6 bxc6
16.Be3 Rad8 17.Rdc1 Bc5 18.Bxc5 Qxc5 19.Na2 Qa5 20.Nc3 Rd4 21.Bd3 Rfd8 22.Rd1 Nbd7
23.h3 Nc5 24.Bc2 Qb4 25.Rab1 a5 26.Kh2 Rxd1 27.Rxd1 Rxd1 28.Bxd1 Ne6 29.g3 Nd4
30.Qd2 Nd7 31.Kg2 Nc5 32.Nb1 Nxe4 33.Qxb4 axb4 34.a5 Nc5 35.Nd2 Nb5 36.Be2 Na7
37.Kf3 Kf8 38.Bc4 Ke7 39.b3 Nb7 40.a6 Nd6 41.Bf1 f6 42.Ke3 Kd7 43.Bd3 g5
44.f4 gxf4+ 45.gxf4 exf4+ 46.Kxf4 Kc7 47.Nc4 Nac8 48.Kg4 Nxc4 49.Bxc4 Nd6
50.Bd3 Nf7 51.Kf5 Ne5 52.Be2 c5 53.Ke6 c4 54.bxc4 b3 55.Bd1 b2 56.Bc2 Nxc4
57.Kf7 Ne3 58.Be4 Kb6 59.Kxg7 f5 60.Bd3 f4 61.h4 f3 62.h5 Ng4  0-1

[Event "TCh-FIN 2006-7"]
[Site "Joensuu FIN"]
[Date "2006.09.17"]
[Round "2"]
[White "Luukkonen,T"]
[Black "Issakainen,A"]
[Result "1/2-1/2"]
[WhiteElo "2184"]
[BlackElo "2228"]

1.d4 d5 2.c4 c6 3.Nf3 Nf6 4.Nc3 dxc4 5.a4 Bf5 6.e3 e6 7.Bxc4 Bb4 8.Qe2 Nbd7
9.O-O Bg6 10.e4 O-O 11.Bd3 Qc7 12.e5 Nd5 13.Nxd5 cxd5 14.Ng5 Rfc8 15.f4 Bxd3
16.Qxd3 Nf8 17.f5 Qc4 18.Qg3 Qxd4+ 19.Kh1 exf5 20.h3 Ng6 21.Qf3 Qxe5 22.Qh5 Rc2
23.Bf4 Qe2 24.Qxh7+ Kf8 25.Rg1 Rd8 26.Raf1 Bc5 27.Re1 Qf2 28.Nf3 Bd6 29.Bg5 Rdc8
30.Bh4 Qb6 31.Rgf1 Qxb2 32.Rb1 Qa2 33.Ra1 Qc4 34.Bf2 Qf4 35.Bd4 Qh6 36.Qxh6 gxh6
37.Bxa7 Nf4 38.Nd4 Rd2 39.Nxf5 Be5 40.Rae1 f6 41.Be3 Rcc2 42.Bxd2 Rxd2 43.Nxh6 Nd3
44.Rxe5 Nxe5 45.Rxf6+ Kg7 46.Rb6 Rf2 47.Kg1 Rf4 48.g4 Rxa4 49.Nf5+ Kf7 50.Rxb7+ Kf6
51.Kf2 Rf4+ 52.Ke3 Rf3+ 53.Ke2 Rxh3 54.Ne3 d4 55.Nd5+ Kg5 56.Rg7+ Kh4 57.g5 d3+
58.Kd1 Kg4 59.Re7 Nf3 60.Ne3+  1/2-1/2

[Event "EU-chG16"]
[Site "Herceg Novi MNE"]
[Date "2006.09.18"]
[Round "8"]
[White "Khazhomia,S"]
[Black "Traistaru,T"]
[Result "0-1"]
[WhiteElo "2116"]
[BlackElo "2150"]

1.d4 d5 2.Nf3 Nf6 3.c4 c6 4.Nc3 dxc4 5.a4 Bf5 6.e3 e6 7.Bxc4 Bb4 8.O-O O-O
9.Qb3 Qe7 10.Ne2 Be4 11.Ne5 Bd5 12.Nd3 Bd6 13.f3 Nbd7 14.e4 Bxc4 15.Qxc4 e5
16.Ng3 g6 17.dxe5 Nxe5 18.Nxe5 Qxe5 19.Be3 Nd7 20.f4 Qe7 21.Kh1 Bc5 22.Rae1 Bxe3
23.Rxe3 Qc5 24.Qe2 Nb6 25.b3 Rad8 26.f5 Qe5 27.Re1 Nd7 28.Rd1 Nf6 29.Red3 Rde8
30.Qf3 Nxe4 31.Nxe4 Qxe4 32.Qxe4 Rxe4 33.f6 h6 34.Kg1 g5 35.Rd7 Rb4 36.Rc7 Rxb3
37.Rdd7 Rb1+ 38.Kf2 Rb4 39.g3 Rxa4 40.Rxb7  0-1

[Event "EU-chB18"]
[Site "Herceg Novi MNE"]
[Date "2006.09.19"]
[Round "9"]
[White "Grigoryan,Av"]
[Black "Lovkov,R"]
[Result "1-0"]
[WhiteElo "2396"]
[BlackElo "2384"]

1.d4 d5 2.c4 c6 3.Nc3 Nf6 4.Nf3 dxc4 5.a4 Bf5 6.Ne5 Nbd7 7.Nxc4 Nb6 8.Ne5 a5
9.Bg5 h6 10.Bh4 g5 11.Bg3 e6 12.e3 Nbd5 13.Bd3 h5 14.h4 g4 15.Bxf5 exf5 16.Qc2 Qc8
17.O-O Be7 18.Nxd5 Nxd5 19.Rae1 Rh6 20.f3 gxf3 21.Rxf3 f6 22.Nc4 Rg6 23.e4 fxe4
24.Qxe4 Qg4 25.Qd3 Rg7 26.Nd6+ Kd7 27.Nf5 Rh7 28.Ne3 Nxe3 29.Qxh7 Nd5 30.Re4 Qg8
31.Qf5+ Kd8 32.Qxh5  1-0

[Event "EU-chG18"]
[Site "Herceg Novi MNE"]
[Date "2006.09.19"]
[Round "9"]
[White "Ivakhinova,I"]
[Black "Craciun,P"]
[Result "0-1"]
[WhiteElo "2244"]
[BlackElo "2044"]

1.d4 d5 2.Nf3 Nf6 3.c4 c6 4.Nc3 dxc4 5.a4 Bf5 6.Ne5 Nbd7 7.Nxc4 Qc7 8.g3 e5
9.dxe5 Nxe5 10.Bf4 Nfd7 11.Bg2 Be7 12.Qc1 f6 13.Nxe5 fxe5 14.Nd5 Qd6 15.Nxe7 Qxe7
16.Be3 O-O 17.O-O Qe6 18.Rd1 Nb6 19.a5 Nc4 20.Bc5 Rfd8 21.Rxd8+ Rxd8 22.Bxa7 Nd2
23.Qc3 Nb1 24.Rxb1 Bxb1 25.h4 Ba2 26.Kh2 Rd1 27.Bb8 e4 28.Be5 Qf7 29.Qe3 Bd5
30.Bd4 Qe6 31.Bc3 Qf5 32.Qa7 Qc8 33.Bh3 e3 34.f3 Rh1+ 35.Kxh1 Qxh3+ 36.Kg1 Qxg3+
37.Kh1 Qxh4+ 38.Kg1 Qf2+ 39.Kh1 Qf1+ 40.Kh2 Qxe2+ 41.Kg3 Qxf3+ 42.Kh4 Qf4+  0-1

[Event "15th TCh-CRO"]
[Site "Sibenik CRO"]
[Date "2006.09.24"]
[Round "3"]
[White "Hulak,K"]
[Black "Golubovic,B"]
[Result "1/2-1/2"]
[WhiteElo "2536"]
[BlackElo "2441"]

1.d4 d5 2.c4 c6 3.Nf3 Nf6 4.Nc3 dxc4 5.a4 Bf5 6.Nh4 Bd7 7.e3 e6 8.Bxc4 c5
9.O-O Bc6 10.Nf3 cxd4 11.exd4 Be7 12.Ne5 O-O 13.Re1 Nbd7 14.Qb3 Nxe5 15.dxe5 Nd7
16.Qc2 Rc8 17.Qe2 Qa5  1/2-1/2

[Event "Vojvodina Quality League m"]
[Site "Sremska Mitrovica SRB"]
[Date "2006.09.26"]
[Round "7"]
[White "Petrekanovic,M"]
[Black "Jovic,Ste"]
[Result "1/2-1/2"]
[WhiteElo "2105"]
[BlackElo "2159"]

1.d4 d5 2.c4 c6 3.Nf3 Nf6 4.Nc3 dxc4 5.a4 Bf5 6.e3 e6 7.Bxc4 Bb4 8.O-O O-O
9.Qe2 Bg6 10.Rd1 Qe7 11.Bd3 Bxd3 12.Rxd3 Nbd7 13.e4 e5 14.dxe5 Nxe5 15.Nxe5 Qxe5
16.f4 Qe6 17.e5 Ng4 18.Rf3 Nh6 19.Qe4 Bc5+ 20.Be3 Bxe3+ 21.Rxe3 Rfd8 22.Rd3 Qb3
23.Rad1 Qb6+ 24.Kh1 Rxd3 25.Qxd3 Ng4 26.Ne4 h6 27.h3 Nf2+ 28.Nxf2 Qxf2 29.Qd4 Qc2
30.Rd2 c5 31.Qd5 Qxa4 32.Qxb7 Rf8 33.g3 Qc4 34.Kg2 a5  1/2-1/2

[Event "15th TCh-CRO"]
[Site "Sibenik CRO"]
[Date "2006.10.01"]
[Round "10"]
[White "Hulak,K"]
[Black "Jovanic,O"]
[Result "1/2-1/2"]
[WhiteElo "2536"]
[BlackElo "2464"]

1.d4 d5 2.c4 c6 3.Nf3 Nf6 4.Nc3 dxc4 5.a4 Bf5 6.e3 e6 7.Bxc4 Bb4 8.O-O Nbd7
9.Nh4 Bg6 10.Qb3 a5 11.h3 Bh5 12.f4 O-O 13.Nf3 Nb6 14.Be2 c5 15.g4 Bg6 16.Rd1 Qe7
17.Ne5 Rfd8 18.Bf3 Rac8 19.Nxg6 hxg6 20.g5 Nfd5 21.Nxd5 exd5 22.dxc5 Qxc5
23.Bd2 Qc4 24.Qxc4 Rxc4 25.b3 Bxd2 26.bxc4 dxc4 27.Ra3 Rd7 28.Bg4 Rd5 29.Bf3 Rd7
30.Bg4 Rd5 31.Bf3  1/2-1/2

[Event "15th TCh-CRO"]
[Site "Sibenik CRO"]
[Date "2006.10.02"]
[Round "11"]
[White "Horvath,Cs1"]
[Black "Jovanic,O"]
[Result "1-0"]
[WhiteElo "2534"]
[BlackElo "2464"]

1.d4 d5 2.c4 c6 3.Nc3 Nf6 4.Nf3 dxc4 5.a4 Bf5 6.Ne5 Nbd7 7.Nxc4 Nb6 8.Ne5 a5
9.g3 e6 10.Bg2 Bb4 11.O-O O-O 12.e3 h6 13.Qe2 Bh7 14.Rd1 Nfd7 15.Nd3 Bd6
16.e4 Re8 17.b3 Qc7 18.Be3 Rad8 19.Rac1 Qb8 20.h4 Ba3 21.Rc2 Nc8 22.Rcd2 Ne7
23.g4 Bd6 24.f4 f6 25.g5 hxg5 26.fxg5 Kh8 27.h5 e5 28.dxe5 Bxe5 29.Nxe5 Nxe5
30.Rxd8 Rxd8 31.Bb6 Rxd1+ 32.Qxd1 fxg5 33.Qd8+ Qxd8 34.Bxd8 Ng8 35.Bxa5 Nf6
36.Bc7 Nfd7 37.a5 Bg8 38.b4 Bf7 39.Na4 Bxh5 40.Bxe5 Nxe5 41.Nc5 Bg4 42.Nxb7 Nd3
43.a6 Bc8 44.Bh3 Nxb4 45.Bxc8 Nxa6 46.Nd6 Nc5 47.Kf2 Kg8 48.Ke3 Kf8 49.Kd4 Nb3+
50.Ke5 Ke7 51.Nf5+ Kd8 52.Be6 g4 53.Bxb3  1-0

[Event "WJun"]
[Site "Yerevan ARM"]
[Date "2006.10.04"]
[Round "2"]
[White "Gupta,Ab"]
[Black "Vaznonis,V"]
[Result "1-0"]
[WhiteElo "2481"]
[BlackElo "2291"]

1.d4 d5 2.c4 c6 3.Nf3 Nf6 4.Nc3 dxc4 5.a4 Bf5 6.Ne5 e6 7.f3 Bb4 8.e4 Bxe4
9.fxe4 Nxe4 10.Bd2 Qxd4 11.Nxe4 Qxe4+ 12.Qe2 Bxd2+ 13.Kxd2 Qd5+ 14.Kc2 Na6
15.Nxc4 O-O 16.Qe5 Rab8 17.a5 f6 18.Qxd5 cxd5 19.Nd2 Rfc8+ 20.Kb1 Kf7 21.Ra4 e5
22.Be2 e4 23.Bg4 Rd8 24.Nb3 g6 25.Rc1 f5 26.Be2 Rbc8 27.Bxa6 bxa6 28.Rb4 Rxc1+
29.Kxc1 Rc8+ 30.Kd2 Rc7 31.Rb8 f4 32.Nd4 Kf6 33.Ne2 g5 34.Rd8 Ke6 35.h4 Rb7
36.b3 h6 37.Nd4+ Ke5 38.Nc6+ Kf5 39.hxg5 hxg5 40.Rxd5+ Kg4 41.Nd4 f3 42.gxf3+ exf3
43.Ke3 Rb4 44.Kf2 Rb7 45.Rc5 Rf7 46.Ne6 Rf5 47.b4 Rxc5 48.bxc5 Kf5 49.Nd4+ Ke5
50.Nc6+  1-0

[Event "7th Veselin Boskovic Mem Op"]
[Site "Beograd SRB"]
[Date "2006.10.05"]
[Round "4"]
[White "Milanovic,Da"]
[Black "Miladinovic,I"]
[Result "1-0"]
[WhiteElo "2477"]
[BlackElo "2598"]

1.d4 d5 2.c4 c6 3.Nf3 Nf6 4.Nc3 dxc4 5.a4 Bf5 6.Ne5 Nbd7 7.Nxc4 e6 8.g3 Bb4
9.Bg2 Nb6 10.Ne5 Ne4 11.Bxe4 Bxe4 12.f3 f6 13.Ng4 Bg6 14.a5 Nd5 15.Qb3 Bxa5
16.e4 Ne7 17.Qxb7 Bb6 18.Be3 h5 19.Nf2 e5 20.Rd1 exd4 21.Na4 Rb8 22.Qa6 c5
23.Bf4 Rc8 24.b4 Rc6 25.Qb5 cxb4 26.O-O Bf7 27.Qxb4 Bc4 28.Nd3 Ba5 29.Qa3 O-O
30.Bd2 Ng6 31.Nab2 Bxd2 32.Rxd2 Bb5 33.Qxa7 Ne5 34.f4 Ng4 35.Qb7 Rb6 36.Qa7 Kh7
37.Re1 Ne3 38.Nf2 Ra6 39.Qc5 Be8 40.Nc4 Nxc4 41.Qxc4 Bf7 42.Qd3 Qa5 43.e5+ Bg6
44.f5 Bxf5 45.Qxf5+ g6 46.Qf4 fxe5 47.Qxf8 Qxd2  1-0

[Event "56th TCh-BUL w"]
[Site "Sunny Beach BUL"]
[Date "2006.10.05"]
[Round "1"]
[White "Dragomirescu,An"]
[Black "Velcheva,M"]
[Result "1/2-1/2"]
[WhiteElo "2237"]
[BlackElo "2295"]

1.d4 d5 2.c4 c6 3.Nf3 Nf6 4.Nc3 dxc4 5.a4 Bf5 6.Ne5 Nbd7 7.Nxc4 Nb6 8.Ne5 a5
9.f3 Nfd7 10.e4 Nxe5 11.dxe5 Qxd1+ 12.Kxd1 Be6 13.Be3 Bb3+ 14.Kc1 Nd7 15.Ra3 Be6
16.f4 g6 17.Be2 f6 18.g4 fxe5 19.f5 Bf7 20.Rd1 O-O-O 21.Nb5 Bg7 22.Rc3 Nf6
23.Bf3 Rxd1+ 24.Kxd1 gxf5 25.gxf5 Kb8 26.Na3 Rd8+ 27.Kc2 e6 28.Bb6 Re8 29.Nc4 exf5
30.Nd6 fxe4 31.Nxe8 Bxe8 32.Bg2 Nd5 33.Rg3 Bg6 34.Bxa5 Bh6 35.Kb3 Bf4 36.Rxg6 hxg6
37.Bxe4 Bxh2 38.Bxg6 b6 39.Be1 Kc7 40.Kc4 Kd6 41.b4 Bg1 42.Be4 b5+ 43.axb5 Nb6+
44.Kd3 cxb5 45.Bh4 Nd5 46.Be1 Bd4 47.Bf5 Bb2 48.Be4 Ba3 49.Kc2 Bxb4 50.Bxd5 Bxe1
51.Be4 Kc5 52.Kd3 b4 53.Bg6 b3 54.Bf7 Kb4 55.Bd5 Ka3 56.Be4 b2 57.Ke2 Ba5
58.Bb1 Kb3 59.Kd3 Bc7 60.Kd2 Bd8 61.Kd3 Bc7 62.Kd2 Bb6 63.Kd3 Bd4 64.Kd2 Bc3+
65.Kd3 Ba5 66.Ke4 Bc7 67.Kd3 Bd8 68.Ke4 Bf6 69.Kd3 Bg7 70.Ke4 Kc3 71.Ke3 Bh6+
72.Ke2 Kd4 73.Kf3 Bg5 74.Bf5 Kc3 75.Ke2  1/2-1/2

[Event "WJun"]
[Site "Yerevan ARM"]
[Date "2006.10.05"]
[Round "3"]
[White "Grachev,B"]
[Black "Andriasian,Z"]
[Result "1/2-1/2"]
[WhiteElo "2583"]
[BlackElo "2463"]

1.d4 d5 2.c4 c6 3.Nf3 Nf6 4.Nc3 dxc4 5.a4 Bf5 6.Nh4 e6 7.Nxf5 exf5 8.e3 Bb4
9.Bxc4 O-O 10.Qc2 g6 11.O-O Nbd7 12.f3 a5 13.Kh1 Nb6 14.Ba2 Rc8 15.Qf2 c5
16.Bd2 cxd4 17.exd4 Qd7 18.d5 Bc5 19.Qh4 Nh5 20.Bb3 Rfe8 21.Rad1 Be7 22.Qd4 Bc5
23.Qh4 Be7 24.Bg5 Bxg5 25.Qxg5 Qe7 26.Qxe7 Rxe7 27.Rd4 Nf6 28.g4 Ne8 29.gxf5 gxf5
30.Rg1+ Kh8 31.d6 Rd7 32.Nb5 Rc6 33.Rf4 Rc5 34.Rd4 Rc6 35.Rf4 Rc5 36.Rh4 Nc8
37.Rd4 Nf6 38.Re1 Kg7 39.Kg2 Rc6 40.Red1 Ne8 41.Rd5 Ncxd6 42.R1d2 Kf6 43.Bc2 h6
44.Bxf5 Re7 45.Rxd6+ Nxd6 46.Nxd6 Rxd6 47.Rxd6+ Kxf5 48.Rxh6 Re2+ 49.Kg3 Rxb2
50.Rh5+ Kg6 51.Rxa5 Rb4 52.h4 f6 53.Ra8 Kg7 54.a5 Ra4 55.Kh3 Kh7 56.Kg3 Kg7
57.Ra7 Kg6 58.Kf2 Kh5 59.Kg3 Kg6 60.Rxb7 Rxa5 61.Rb4 Rc5 62.Rg4+ Kh6 63.Kf4 Ra5
64.Rg8 Kh7 65.Rg1 Kh6 66.Ke4 Kh5 67.Rg8 Kxh4 68.Rg6 Ra4+ 69.Kf5 Ra5+ 70.Kf4 Ra4+
71.Kf5 Ra5+ 72.Ke6 Ra6+ 73.Kf7 Ra7+ 74.Kxf6 Ra6+ 75.Kf5 Rxg6 76.Kxg6 Kg3  1/2-1/2

[Event "Corporacion del Sur B"]
[Site "Buenos Aires ARG"]
[Date "2006.10.06"]
[Round "4"]
[White "Disconzi da Silva,R"]
[Black "Alonso,S"]
[Result "0-1"]
[WhiteElo "2392"]
[BlackElo "2434"]

1.d4 d5 2.c4 c6 3.Nf3 Nf6 4.Nc3 dxc4 5.a4 Bf5 6.Nh4 Bg6 7.Nxg6 hxg6 8.e3 e6
9.Bxc4 Bb4 10.Qf3 Nbd7 11.Bd2 Qa5 12.O-O O-O-O 13.Rfc1 Qf5 14.Qxf5 gxf5 15.a5 a6
16.Ra4 Bd6 17.h3 Kb8 18.f3 Bc7 19.Na2 c5 20.b4 cxd4 21.exd4 b5 22.axb6 Nxb6
23.Rxa6 Rxd4 24.Bb5 Rxd2 25.Bc6 Nfd5 26.Ra1 Ne7 27.b5 Nxc6 28.bxc6 Rhd8 29.Nc3 R8d3
30.R1a3 Rc2 31.Ra7 Rdxc3 32.Rb7+ Kc8  0-1

[Event "7th Veselin Boskovic Mem Op"]
[Site "Beograd SRB"]
[Date "2006.10.09"]
[Round "7"]
[White "Rmus,A"]
[Black "Predojevic,B"]
[Result "1-0"]
[WhiteElo "2380"]
[BlackElo "2590"]

1.d4 d5 2.c4 c6 3.Nf3 Nf6 4.Nc3 dxc4 5.a4 Bf5 6.Ne5 Nbd7 7.Nxc4 Qc7 8.g3 e5
9.dxe5 Nxe5 10.Bf4 Nfd7 11.Bg2 g5 12.Ne3 gxf4 13.Nxf5 O-O-O 14.Qc2 Ng6 15.O-O fxg3
16.hxg3 h5 17.Rfc1 Kb8 18.Nb5 Qb6 19.Nbd6 Bxd6 20.Nxd6 Nde5 21.Nxf7 Nxf7
22.Qxg6 h4 23.Ra3 Ne5 24.Qe4 Qxb2 25.Rac3 Rde8 26.gxh4 Rhg8 27.Kf1 Ng6 28.Qf3 Qd2
29.Rxc6 Qxe2+ 30.Qxe2 Rxe2 31.Rxg6 Rxg6 32.Kxe2 Rxg2 33.Rh1 Kc7 34.h5 Kd6
35.h6 Rg8 36.h7 Rh8 37.Ke3 Ke5 38.Rh6 b6 39.Kd3 Kf5 40.Kc4 Kg5 41.Rh2 a6
42.Kd5 Kg6 43.f4 b5 44.a5 Kf5 45.Rh4 Kg6 46.Ke6 Re8+ 47.Kd7 Rh8 48.Ke7 Rxh7+
49.Rxh7 Kxh7 50.f5 b4 51.f6 b3 52.f7 b2 53.f8=Q b1=Q 54.Qf7+ Kh6 55.Qf4+ Kh5
56.Qf3+ Kh4 57.Qf6+ Kh5 58.Qe5+ Kh4 59.Qf6+ Kg3 60.Qd6+ Kf3 61.Qxa6 Qe4+
62.Kd7 Qd4+ 63.Kc7 Qg7+ 64.Kb8 Qf8+ 65.Ka7 Kg3 66.Qd3+ Kh4 67.Qe4+ Kh5 68.Qd5+ Kh4
69.Qe4+ Kh5 70.Qe5+ Kh4 71.Qh2+ Kg4 72.Qg2+ Kh4 73.Qe4+ Kh5 74.Qc6 Kh4 75.Qc4+ Kh5
76.a6 Qe7+ 77.Kb6 Qd8+ 78.Qc7 Qd3  1-0

[Event "WJun"]
[Site "Yerevan ARM"]
[Date "2006.10.09"]
[Round "7"]
[White "Zhao Jun"]
[Black "Andriasian,Z"]
[Result "1/2-1/2"]
[WhiteElo "2539"]
[BlackElo "2463"]

1.d4 d5 2.c4 c6 3.Nf3 Nf6 4.Nc3 dxc4 5.a4 Bf5 6.Ne5 Nbd7 7.Nxc4 Qc7 8.g3 e5
9.dxe5 Nxe5 10.Bf4 Nfd7 11.Bg2 g5 12.Bxe5 Nxe5 13.Qd4 f6 14.O-O-O Be7 15.Ne3 Be6
16.Qe4 Bb3 17.Rd2 Nd7 18.Nf5 Nc5 19.Qe3 Qe5 20.Be4 Bf7 21.f4 gxf4 22.gxf4 Nb3+
23.Kc2 Qc5 24.Rd3 Bc4 25.Qh3 Bxd3+ 26.Bxd3 Nd4+ 27.Nxd4 Qxd4 28.Bg6+ hxg6
29.Qxh8+ Bf8 30.Qg8 O-O-O 31.Rd1 Qb4 32.Qe6+ Kc7 33.Rxd8 Kxd8 34.Qxf6+ Be7
35.Qe5 Bd6 36.Qf6+ Be7 37.Qe5 Bd6 38.Qh8+ Kc7 39.e3 Qc5 40.Kd2 Qf5 41.Qg7+ Kc8
42.Qd4 Bc5 43.Qe4 Qh5 44.b4 Qxh2+ 45.Kd3 Bd6 46.b5 Kc7 47.bxc6 bxc6 48.Qxg6 Qh3
49.Qg7+ Kb8 50.Qg8+ Kb7 51.Qf7+ Kb8 52.Ne2 Qf1 53.Qb3+ Kc7 54.Qf7+ Kb8 55.Qg8+ Kb7
56.Qg1 Qh3 57.Qg7+ Kb8 58.Qf6 Kc7 59.Qd4 Qf5+ 60.e4 Qa5 61.Qg7+ Kb8 62.Qg8+ Kc7
63.Qf7+ Kc8 64.Qe6+ Kc7 65.Qf7+ Kc8 66.Qc4 Kb7 67.e5 Bb4 68.Qf7+ Kb6 69.Qb3 Qa6+
70.Ke3 Ka5 71.e6 Qb6+ 72.Ke4 Qc5 73.Nd4 Bc3 74.Nf5 Bf6 75.Ne3 Qd4+ 76.Kf5 Bg7
77.Ng4 Qc5+ 78.Kg6 Bc3 79.e7 Qd6+ 80.Kh5 Qc5+ 81.Kg6 Qd6+ 82.Kh5 Qc5+ 83.Ne5 Bxe5
84.e8=Q Bxf4+ 85.Kg4 Qg5+ 86.Kh3 Qh6+ 87.Kg2 Qh2+ 88.Kf1 Qh1+ 89.Kf2 Qh2+
90.Kf1 Qh1+ 91.Kf2  1/2-1/2